书目信息 |
| 题名: |
雾霾对北京旅游业的影响研究
|
|
| 作者: | 彭建 著 | |
| 分册: | ||
| 出版信息: | 北京 中国旅游出版社 2018 |
|
| 页数: | 260页 | |
| 开本: | 23cm | |
| 丛书名: | ||
| 单 册: | ||
| 中图分类: | F592.71 | |
| 科图分类: | ||
| 主题词: | 空气污染--kong qi wu ran--影响--旅游业发展--研究--北京市 | |
| 电子资源: | ||
| ISBN: | 978-7-5032-6172-5 | |
| 000 | 01242nam0 2200265 450 | |
| 001 | 012001009371 | |
| 005 | 20140101144152.0 | |
| 010 | @a978-7-5032-6172-5@dCNY39.80 | |
| 099 | @aCAL 012019043419 | |
| 100 | @a20190409d2018 em y0chiy50 ea | |
| 101 | 0 | @achi |
| 102 | @aCN@b110000 | |
| 105 | @aak a 000yy | |
| 106 | @ar | |
| 200 | 1 | @a雾霾对北京旅游业的影响研究@Awu mai dui bei jing lu^ you ye de ying xiang yan jiu@f彭建著 |
| 210 | @a北京@c中国旅游出版社@d2018 | |
| 215 | @a260页@c图@d23cm | |
| 300 | @a北京社会科学基金项目“严重雾霾对北京旅游业的影响研究”(15JGB073) 中国博士后科学基金项目“双重视角下的雾霾旅游影响研究——以北京、上海为例”(2016M590154)联合资助成果 | |
| 320 | @a有书目 (第234-260页) | |
| 330 | @a本书以深处雾霾漩涡中心的北京为例,运用结构方程等数理统计分析工具和环境经济学的理论和方法,从目的地和客源地两个视角综合研究了中国大陆居民对北京雾霾的感知和态度、群体差异,重点揭示了雾霾影响旅游决策行为的路径和机制,定量评估了雾霾造成的旅游经济损失,并分别从目的地和客源地两个视角提出了如何应对雾霾的建议。 | |
| 606 | 0 | @a空气污染@Akong qi wu ran@x影响@x旅游业发展@x研究@y北京市 |
| 690 | @aF592.71@v5 | |
| 701 | 0 | @a彭建@Apeng jian@4著 |
| 801 | 0 | @aCN@b上海新华@c20191020 |
| 905 | @b1187934-7@dF592.71@e580@f4 | |
| 雾霾对北京旅游业的影响研究/彭建著.-北京:中国旅游出版社,2018 |
| 260页:图;23cm |
| 北京社会科学基金项目“严重雾霾对北京旅游业的影响研究”(15JGB073) 中国博士后科学基金项目“双重视角下的雾霾旅游影响研究——以北京、上海为例”(2016M590154)联合资助成果 |
| ISBN 978-7-5032-6172-5:CNY39.80 |
| 本书以深处雾霾漩涡中心的北京为例,运用结构方程等数理统计分析工具和环境经济学的理论和方法,从目的地和客源地两个视角综合研究了中国大陆居民对北京雾霾的感知和态度、群体差异,重点揭示了雾霾影响旅游决策行为的路径和机制,定量评估了雾霾造成的旅游经济损失,并分别从目的地和客源地两个视角提出了如何应对雾霾的建议。 |
| ● |
| 相关链接 |
|
|
|
|
正题名:雾霾对北京旅游业的影响研究
索取号:F592.71/580
 
预约/预借
| 序号 | 登录号 | 条形码 | 馆藏地/架位号 | 状态 | 备注 |
| 1 | 1187934 | 211879341 | 第一样本阅览室/ [索取号:F592.71/580] | 在馆 | |
| 2 | 1187935 | 211879350 | 第一借阅区/ [索取号:F592.71/580] | 在馆 | |
| 3 | 1187936 | 211879369 | 第一借阅区/ [索取号:F592.71/580] | 在馆 | |
| 4 | 1187937 | 211879378 | 第一借阅区/ [索取号:F592.71/580] | 在馆 |